00842 2200265 4500001002100000005001700021020002200038035002500060040001200085082000800097084001800105090001800123100002000141245016700161250001100328260002700339300003600366500005000402650003300452700002100485700001900506700001800525850001200543990002100555YOGYA00000000009850720150428092742.0 a978-979-29-3602-5 a0010-021400000000015 aYOPDYOG a261 aDEP 261 Ste T aDEP 261 Ste T aSTEARNS, Robert aTodays churchb: penelaahan mendalam terhadap persoalan yang di hadapi gereja masa kinicRobert Stearns, Chuck D Pierce, Larry Kreider ; penerjemah, Aruin Saputra aCet. 1 aYogyakartabAndic2013 axi, 225 hlm. :bilus. ;c23 cm. aJudul asli : Return to outhentic christianity aKristen - Gereja dan sekuler aPierce, Chuck D. aKreider, Larry aArvin Saputra aYOPDYOG aCB-D.11-2013-588